| 000 | 01063cam a2200277 4500 | ||
|---|---|---|---|
| 001 | ABS64130 | ||
| 008 | 000000n2001 000 0 eng u | ||
| 035 | _a(Sirsi) u113134 | ||
| 100 | _aKeers, H. | ||
| 245 | _aParty over | ||
| 260 | _c2001 | ||
| 490 |
_aProperty Week _v66(22) 1 June 2001, 12-13(2) |
||
| 520 | _aReports on how a downturn in the American real estate market, coupled with the poor economic outlook and a lack of customer confidence, has lead to retrenchment among the UK's leading property agents as their US parent companies seek to cut costs. This could result in mean reduced entertainment, meal and travel budgets, smaller bonuses, a freeze on recruitment and the cutting back of office operations. | ||
| 590 | _aABS | ||
| 650 | _aALLOWANCES | ||
| 650 | _aBONUSES | ||
| 650 | _aCOST CUTTING | ||
| 650 | _aECONOMIC OUTLOOK | ||
| 650 | _aEXPENSES | ||
| 650 | _aPROPERTY AGENTS | ||
| 650 | _aRECRUITMENT | ||
| 650 | _aUNITED STATES | ||
| 650 | _aUS PROPERTY INDUSTRY | ||
| 690 | _aCOMMERICAL PROPERTY-MARKET | ||
| 942 | _n0 | ||
| 999 |
_c67357 _d67357 |
||